| 000 | 01079nam0a2200301 4500 | ||
|---|---|---|---|
| 001 | RU\NLR\bibl\1722601 | ||
| 005 | 20250616072726.0 | ||
| 010 |
_a978-5-02-036442-4 _91000 |
||
| 021 |
_aRU _b2010-97066 _96552 |
||
| 035 | _a(NLR Aleph) 001713584 | ||
| 090 |
_a1295404 _c1295404 |
||
| 100 | _a20110114d2010 |||y0rusy50 ca | ||
| 101 | 1 |
_arus _ckor |
|
| 102 | _aRU | ||
| 105 | _aabch||||||||| | ||
| 200 | 1 |
_aИстория Кореи _eновый взгляд _fХан Енъу _g[пер. с корейского под ред. М.Н. Пака] |
|
| 210 |
_aМосква _cВосточная литература РАН _d2010 |
||
| 215 |
_a758 с. _cил., факс., портр., карт. _d24 |
||
| 320 | _aБиблиогр.: с. 646-697 | ||
| 320 | _aУказ.: с. 701-758 | ||
| 607 |
_aКорея _xИстория _9920307 _3RU\NLR\auth\6618306 |
||
| 686 | _aТ3(5Ко)0,02 | ||
| 700 | 0 |
_aХан Енъу _f1938- _4070 |
|
| 801 | 0 |
_aRU _bNLR _c20110114 _gRCR |
|
| 801 | 1 |
_aRU _bNLR _c20110114 |
|
| 942 | _cBOOK | ||
| 980 | _aNB | ||